[Event "GER-ch50 final email"]
[Site "GER email"]
[Date "2020.04.12"]
[Round "?"]
[White "Lins, Thomas"]
[Black "Amann, Hubert"]
[Result "1/2-1/2"]
[WhiteElo "2454"]
[BlackElo "2406"]
[PlyCount "105"]
[EventDate "2020.??.??"]
[EventType "tourn (corr)"]
[EventRounds "14"]
[EventCountry "GER"]
[SourceTitle "Corr 2022"]
[Source "ChessBase"]
[SourceDate "2021.10.24"]
[SourceVersion "1"]
[SourceVersionDate "2021.10.24"]
[SourceQuality "1"]

1. d4 d5 2. c4 e6 3. Nf3 Nf6 4. Nc3 c6 5. e3 Nbd7 6. Qc2 Bd6 7. b3 0-0 8. Be2 b6 9. 0-0 Bb7 10. Bb2 Qe7 11. Rad1 Rad8 12. Rfe1 Rfe8 13. Bf1 c5 14. cxd5 exd5 15. dxc5 bxc5 16. Ne2 a6 17. Ng3 Bc7 18. Ba1 Ba5 19. Re2 Bc7 20. Qb2 Qf8 21. Rc2 h5 22. Be2 Rc8 23. Qc1 Bb8 24. Qa3 Rc6 25. Qc1 Rcc8 26. Ng5 g6 27. Nf3 Rc6 28. Nf1 Qe7 29. h3 Rb6 30. Bd3 a5 31. N1d2 Bc6 32. Qb1 Ne4 33. Qb2 f6 34. Nf1 a4 35. Bxe4 dxe4 36. N3d2 Ra6 37. Qc1 Bb5 38. Nc4 h4 39. Rcd2 Kh7 40. Na3 Bd3 41. f3 f5 42. Nc4 axb3 43. axb3 Nb6 44. Nxb6 Rxb6 45. fxe4 fxe4 46. Nh2 Rf8 47. Ng4 Bg3 48. Qc3 Qf7 49. Qc1 Qf5 50. Ra2 Rb7 51. Kh1 Rbf7 52. Rg1 Qf1 53. Qxf1 1/2-1/2

[Event "GER-ch50 final email"]
[Site "GER email"]
[Date "2020.04.12"]
[Round "?"]
[White "Lins, Thomas"]
[Black "Boos, Markus"]
[Result "1-0"]
[WhiteElo "2454"]
[BlackElo "2429"]
[PlyCount "65"]
[EventDate "2020.??.??"]
[EventType "tourn (corr)"]
[EventRounds "14"]
[EventCountry "GER"]
[SourceTitle "Corr 2022"]
[Source "ChessBase"]
[SourceDate "2021.10.24"]
[SourceVersion "1"]
[SourceVersionDate "2021.10.24"]
[SourceQuality "1"]

1. d4 d5 2. c4 c6 3. Nf3 e6 4. Nc3 dxc4 5. a4 Bb4 6. Bd2 a5 7. e3 b5 8. axb5 Bxc3 9. Bxc3 cxb5 10. b3 Bb7 11. Bb2 Nf6 12. bxc4 b4 13. Bd3 0-0 14. 0-0 Nbd7 15. Nd2 Qc7 16. Bc2 h6 17. h3 Rfc8 18. Re1 e5 19. Rc1 Re8 20. d5 Nc5 21. Ra1 Qd6 22. e4 Nfd7 23. Re3 Re7 24. Kh2 Bc8 25. Rg3 f6 26. Qh5 a4 27. Qxh6 Ra6 28. Qe3 Rf7 29. Bc1 Nf8 30. Nf3 Raa7 31. Bd1 Rfb7 32. Nh4 a3 33. Bg4 1-0

[Event "GER AM05-B email"]
[Site "GER email"]
[Date "2019.06.19"]
[Round "?"]
[White "Lins, Thomas"]
[Black "Mayer, Roger"]
[Result "1/2-1/2"]
[WhiteElo "2460"]
[BlackElo "2485"]
[PlyCount "45"]
[EventDate "2019.??.??"]
[EventType "tourn (corr)"]
[EventRounds "14"]
[EventCountry "GER"]
[SourceTitle "Corr 2022"]
[Source "ChessBase"]
[SourceDate "2021.10.24"]
[SourceVersion "1"]
[SourceVersionDate "2021.10.24"]
[SourceQuality "1"]

1. d4 Nf6 2. c4 e6 3. Nf3 d5 4. Nc3 c6 5. Bg5 h6 6. Bh4 dxc4 7. e4 g5 8. Bg3 b5 9. Be2 Bb7 10. h4 g4 11. Ne5 Nbd7 12. Nxd7 Qxd7 13. Be5 Qe7 14. b3 Rg8 15. Qc2 Nd7 16. Bg3 e5 17. d5 cxd5 18. Nxd5 Qc5 19. bxc4 f5 20. h5 f4 21. Bh4 Rc8 22. Rb1 f3 23. gxf3 1/2-1/2

[Event "GER AM05-B email"]
[Site "GER email"]
[Date "2019.06.19"]
[Round "?"]
[White "Lins, Thomas"]
[Black "Reinhart, Kenneth M"]
[Result "1/2-1/2"]
[WhiteElo "2460"]
[BlackElo "2479"]
[PlyCount "47"]
[EventDate "2019.??.??"]
[EventType "tourn (corr)"]
[EventRounds "14"]
[EventCountry "GER"]
[SourceTitle "Corr 2020"]
[Source "ChessBase"]
[SourceDate "2019.09.30"]
[SourceVersion "1"]
[SourceVersionDate "2019.09.30"]
[SourceQuality "1"]

1. d4 Nf6 2. c4 e6 3. Nf3 b6 4. g3 Ba6 5. Nbd2 d5 6. Bg2 Be7 7. 0-0 0-0 8. cxd5 Nxd5 9. Re1 c5 10. dxc5 bxc5 11. Ne5 Qc7 12. Ndc4 Rd8 13. Bd2 Nd7 14. Qa4 Nxe5 15. Qxa6 Nxc4 16. Qxc4 Bf6 17. Rad1 Rac8 18. b3 h6 19. h4 Be5 20. Qb5 Nb4 21. a3 Nc2 22. Ba5 Rxd1 23. Rxd1 Qb8 24. Qxb8 1/2-1/2

[Event "GER AM05-B email"]
[Site "GER email"]
[Date "2019.06.19"]
[Round "?"]
[White "Nekhaev, Andrey Ivanovich"]
[Black "Lins, Thomas"]
[Result "1/2-1/2"]
[WhiteElo "2470"]
[BlackElo "2460"]
[PlyCount "42"]
[EventDate "2019.??.??"]
[EventType "tourn (corr)"]
[EventRounds "14"]
[EventCountry "GER"]
[SourceTitle "Corr 2020"]
[Source "ChessBase"]
[SourceDate "2019.09.30"]
[SourceVersion "1"]
[SourceVersionDate "2019.09.30"]
[SourceQuality "1"]

1. e4 e5 2. Nf3 Nc6 3. Bb5 f5 4. d3 fxe4 5. dxe4 Nf6 6. 0-0 Bc5 7. Bxc6 bxc6 8. Nxe5 0-0 9. Nc3 Ba6 10. Nd3 Bb6 11. a4 d5 12. exd5 Nxd5 13. a5 Bd4 14. Ne2 Qf6 15. Nxd4 Qxd4 16. Bd2 c5 17. h3 Rae8 18. Qg4 Qxg4 19. hxg4 Re2 20. Rad1 Bxd3 21. cxd3 h6 1/2-1/2

[Event "GER-ch49 final email"]
[Site "GER email"]
[Date "2019.02.19"]
[Round "?"]
[White "Baer, Lutz"]
[Black "Lins, Thomas"]
[Result "1/2-1/2"]
[WhiteElo "2430"]
[BlackElo "2462"]
[PlyCount "31"]
[EventDate "2019.??.??"]
[EventType "tourn (corr)"]
[EventRounds "14"]
[EventCountry "GER"]
[SourceTitle "Corr 2022"]
[Source "ChessBase"]
[SourceDate "2021.10.24"]
[SourceVersion "1"]
[SourceVersionDate "2021.10.24"]
[SourceQuality "1"]

1. d4 d5 2. c4 dxc4 3. e3 Nf6 4. Bxc4 e6 5. Nf3 c5 6. 0-0 a6 7. dxc5 Qxd1 8. Rxd1 Bxc5 9. Be2 0-0 10. Nbd2 Rd8 11. Ne5 Be7 12. Ndc4 Rxd1+ 13. Bxd1 Nbd7 14. Bd2 Nxe5 15. Nxe5 Ne4 16. Ba5 1/2-1/2

[Event "GER-ch49 final email"]
[Site "GER email"]
[Date "2019.02.19"]
[Round "?"]
[White "Krauss, Heiko"]
[Black "Lins, Thomas"]
[Result "1/2-1/2"]
[WhiteElo "2396"]
[BlackElo "2462"]
[PlyCount "62"]
[EventDate "2019.??.??"]
[EventType "tourn (corr)"]
[EventRounds "14"]
[EventCountry "GER"]
[SourceTitle "Corr 2020"]
[Source "ChessBase"]
[SourceDate "2019.09.30"]
[SourceVersion "1"]
[SourceVersionDate "2019.09.30"]
[SourceQuality "1"]

1. e4 e5 2. Nf3 Nc6 3. Bb5 f5 4. Nc3 fxe4 5. Nxe4 Nf6 6. Nxf6+ Qxf6 7. Qe2 Be7 8. Bxc6 bxc6 9. Nxe5 Bb7 10. d3 0-0-0 11. 0-0 Rde8 12. Bd2 Bd6 13. f4 g5 14. Rae1 gxf4 15. Bxf4 h5 16. Qd2 Qg7 17. Nc4 Bxf4 18. Rxf4 c5 19. Rf2 d6 20. c3 Kb8 21. Ne3 Qg6 22. Ree2 Rhf8 23. Nf1 Ba6 24. Rxe8+ Qxe8 25. Rxf8 Qxf8 26. Qe2 h4 27. h3 Qg8 28. a3 Bc8 29. Kh1 a5 30. Nh2 Bb7 31. Ng4 Qg5 1/2-1/2

[Event "GER-ch49 final email"]
[Site "GER email"]
[Date "2019.02.19"]
[Round "?"]
[White "Lins, Thomas"]
[Black "Hanel, Roland"]
[Result "1/2-1/2"]
[WhiteElo "2462"]
[BlackElo "2344"]
[PlyCount "135"]
[EventDate "2019.??.??"]
[EventType "tourn (corr)"]
[EventRounds "14"]
[EventCountry "GER"]
[SourceTitle "Corr 2022"]
[Source "ChessBase"]
[SourceDate "2021.10.24"]
[SourceVersion "1"]
[SourceVersionDate "2021.10.24"]
[SourceQuality "1"]

1. d4 f5 2. c4 Nf6 3. Nf3 g6 4. g3 Bg7 5. Bg2 0-0 6. 0-0 d6 7. Nc3 c6 8. Rb1 a5 9. Qb3 h6 10. d5 Kh7 11. Be3 e5 12. dxe6 Qe7 13. Nd4 Ng4 14. Na4 Na6 15. Nb6 Rb8 16. Nxc8 Rbxc8 17. Rbd1 Nc5 18. Qa3 Nxe3 19. Qxe3 Rce8 20. Qa3 Nxe6 21. Nxe6 Qxe6 22. e3 Rd8 23. Qd3 Qe5 24. Rd2 Rf7 25. Rfd1 Qc5 26. a3 Be5 27. Qc2 Ra8 28. Kh1 Kg7 29. h4 a4 30. h5 g5 31. Bh3 g4 32. Bf1 Qa5 33. Bd3 Raf8 34. Kg2 Qa8 35. b3 axb3 36. Qxb3 Re7 37. Qc2 Ref7 38. a4 Qd8 39. Qb3 Qg5 40. Rh1 Qf6 41. Ra2 Ra8 42. a5 Bc3 43. Rc2 Be5 44. Qb4 Kf8 45. Ra2 Bc3 46. Qb6 Ra6 47. Qb3 Rxa5 48. Rha1 Qe5 49. Rxa5 Bxa5 50. Qa3 Bc3 51. Rb1 Kg7 52. Rb3 Ba5 53. Bb1 Kf6 54. Rd3 Kg5 55. Rd4 Kxh5 56. Rf4 Kg5 57. Qc1 h5 58. e4 Kg6 59. Rxf5 Rxf5 60. exf5+ Kf6 61. Qh6+ Ke7 62. Qxh5 Qe2 63. Qg5+ Kd7 64. f6 Qf3+ 65. Kg1 Bb6 66. Qf5+ Qxf5 67. Bxf5+ Ke8 68. Bxg4 1/2-1/2

[Event "GER-ch50 V05 email"]
[Site "GER email"]
[Date "2018.05.15"]
[Round "?"]
[White "Lins, Thomas"]
[Black "Koerber, Bernhard"]
[Result "1/2-1/2"]
[WhiteElo "2447"]
[BlackElo "2409"]
[PlyCount "57"]
[EventDate "2018.??.??"]
[EventType "tourn (corr)"]
[EventRounds "10"]
[EventCountry "GER"]
[SourceTitle "Corr 2020"]
[Source "ChessBase"]
[SourceDate "2019.09.30"]
[SourceVersion "1"]
[SourceVersionDate "2019.09.30"]
[SourceQuality "1"]

1. d4 Nf6 2. c4 g6 3. Nc3 d5 4. Nf3 Bg7 5. Qb3 dxc4 6. Qxc4 0-0 7. e4 Nc6 8. Be2 e5 9. d5 Nd4 10. Nxd4 exd4 11. Qxd4 c6 12. Qc4 b5 13. Qxc6 Bd7 14. Qd6 Re8 15. Bd3 a5 16. f3 Nh5 17. Be3 b4 18. Ne2 Bxb2 19. Rd1 Be5 20. Qb6 Bc7 21. Qc5 Rc8 22. d6 Bb8 23. Qd4 Re6 24. e5 Qe8 25. Ba6 Rc2 26. Rc1 Rxa2 27. f4 Ra3 28. Bd2 Bxd6 29. exd6 1/2-1/2